Miasta Polski z największym przyrostem ludności - Statystyki

Ogólne statystyki
  • Ten quiz został rozwiązany 38 razy
  • Średni wynik to 9 z 15
Statystyki odpowiedzi
Przyrost Miasto Przyrost % Poprawnych
265 tys. Warszawa 16%
100%
31 tys. Gdańsk 7%
97%
91 tys. Kraków 13%
97%
56 tys. Wrocław 9%
97%
76 tys. Rzeszów 62%
86%
25 tys. Lublin 8%
83%
67 tys. Białystok 30%
74%
34 tys. Olsztyn 25%
71%
20 tys. Toruń 11%
69%
30 tys. Marki 181%
29%
28 tys. Piaseczno 120%
29%
28 tys. Ząbki 164%
29%
28 tys. Suwałki 70%
23%
27 tys. Rumia 103%
11%
25 tys. Bełchatów 85%
3%
Nie znaleziono quizów pasujących do podanych kryteriów
Rozkład punktacji
Procent ludzi z każdym wynikiem
Percentyl według liczby udzielonych odpowiedzi
Twoja historia wyników
Nie rozwiązałeś tego quizu